000 00229nam a22000857a 4500
008 160711b xxu||||| |||| 00| 0 eng d
100 _92524
_aKumar K.A
245 _aInquisitive Science-7
260 _aNew Delhi
_bS.Chand Publication
_c2008
999 _c2191
_d2191